000 00296nam a22001337a 4500
008 181008b xxu||||| |||| 00| 0 eng d
020 _a9780256233179
041 _aeng
080 _a300
100 _a59
101 _aBUS
245 _aPrespective Business Ethics
_cLaura.p
942 _2udc
_cBK
999 _c49025
_d49025